000 00727nam a2200253 a 4500
001 683
003 BR-CuiBMT
005 20231113200700.0
008 231107s2008 spb 000 0 por d
020 _a9788502069039
040 _aBR-CuiBMT
_cBR-CuiBMT
080 _22007
_a34:336.2
090 _a34:336.2
_bA485d
_c14 . ed.
100 1 _aAmaro, Luciano da Silva
245 1 0 _aDireito tributário brasileiro /
_cLuciano Amaro
250 _a14. ed., rev.
260 _aSão Paulo :
_bSaraiva,
_c2008.
300 _a512 p. ;
_c22 cm
504 _aInclui bibliografia.
650 _aDireito tributário
_zBrasil
650 _aCompetência tributária
_zBrasil
650 _aLegislação tributária
_zBrasil
942 _2udc
_cLV
999 _c683
_d683